000 01240njm a22002657a 4500
005 20100910100728.0
007 sd ammalaaahaa
008 100910t xxu||||| |||| 00| 0 hin d
028 _aN.54746
_bHis Master's Voice
035 _aGR-01734
040 _aSED/VEN
100 _a Mangeshkar, Lata
_91184
245 _aHimalay ki god mein :
_bhindustani /
_cby Lata Mangeshkar [and] Mukesh ; music by Kalyanji Anandji ; lyric by Qamar Jalalabadi
_h[sound recording] :
246 _aहिमालय की गोद में (लता मंगेशकर और मुकेश )
260 _aDum Dum, India
_bHis Master's Voice
_c1964
300 _a1 sound disc [Gramophone record] :
_banalog, 33. 1/3 rpm
_c10 in.
_fGramophone record
500 _aBrief record.
505 _aMain to ek khwab hoon (Mukesh) मैं तो एक ख्वाब हूँ भाग १ , Ek tu jo mila (Lata Mangeshkar) एक तु जो मिला भाग २
_r
650 _aClassical Music
_xExcerpts
_zIndia
_919315
700 _aMukesh
_919316
700 _aKalyanji Anandji
_919367
700 _a Qamar Jalalabadi
_919368
942 _2ddc
_cGR
999 _c45013
_d45013